Cargando...

Barf ki khushboo / Anthology of Swedish poetry

Detalles Bibliográficos
Formato: Printed Book
LEADER 00353nam a22001097a 4500
008 140827b ii||||| |||| 00| 0 hin d
999 |c 248166  |d 248166 
020 |a 8170558271 
245 |a Barf ki khushboo /  |b Anthology of Swedish poetry 
546 |a in Hindi 
942 |c BK 
952 |0 0  |1 0  |4 0  |7 0  |9 275504  |a HIN  |b HIN  |c ST1  |d 2017-11-23  |i 23616  |l 0  |p HIN23616  |r 2017-11-23  |w 2017-11-23  |y BK